000
00301nam a22001097a 4500
008
230626b xxu||||| |||| 00| 0 eng d
082
_a
328.3
_b
NOV 1989
245
_a
The Soviet Parliament: First Steps
260
_a
Moscow
_b
Novosti Press Agency Publishing House
_c
1989
300
_a
79p
942
_2
ddc
_c
BK
999
_c
2643
_d
2643